Регионална библиотека "Любен Каравелов" - Русе

Тигрови очи (Запис номер 6100)

MARC детайли
000 -Лидер
Контролно поле с фиксирана дължина 01211nam a2200325 c 4500
003 - Код на организацията, давaща контролен номер
Контролно поле BLK
005 - Дата и час на последна редакция
Контролно поле 20250404111921.0
008 - Елементи от данни с фиксирана дължина
fixed length control field 180412b bul|||||r ||||||| ||bul||
010 ## - Наследен системен номер
LC control number KNG00007323000
040 ## - Източник на каталожния запис
Идентификатор на билиотеката - собственик на записа BLK
041 ## - Код за език
Код за езика на текст/звукозапис или на отделно заглавие Български
Код за езика КДБФ Български
080 ## - УДК
Текстов определител УДК Американска литература (на САЩ)
УДК код - определител по УДК 821.111(73)
УДК определител -31
УДК - код + определител 821.111(73)-31
100 1# - Редна дума - Автор
Автор Конран, Шърли
Авторска отговорност първи автор
R(LIN) 242171
139 ## - Редно поле
Редна дума Конран, Шърли
Авторски знак Кон - К 81
245 10 - Сведения за заглавието
Заглавие Тигрови очи
Подзаглавни данни Роман
Редно поле (дума) Шърли Конран; прев. от англ. Емилия Любенова Масларова.
257 ## - Страна на издаване
Страна на създаване/издаване Съединени американски щати
260 ## - Област на издателските данни
-- София
Име на издателя, разпространителя и проч. Бард
Година на издаване 1995
300 ## - Физическа характеристика
Страници 444 с.
Размери/Мащаб 20 см
380 ## - Жанр
Жанр Худож. лит.
490 1# - СЕРИИ (Колекции)
Име на серия Съвременни романи
№: серия 7
500 ## - Общи забележки
Забележка Ориг. загл. Tiger Eyes / Shirley Conran. - 12 000 тир.
653 ## - Ключова дума – ненормативна
Ключова дума романи
700 ## - Други автори (авторска отговорност)
Лично име Масларова, Емилия Любенова
Дати, свързани с автора 1956-
9 (RLIN) 363911
852 ## - Местоположение
Форматна сигнатура Цб 182106
856 4# - Електронен адрес и достъп
Електронен формат pdf - файл
Път до файла /url/
856 4# - Електронен адрес и достъп
Електронен формат pdf - файл
Път до файла /url/
942 ## - АРТИКУЛИ
Вид на библиотечния материал Книги
Скрит в OPAC Не
Koha issues (borrowed), all copies 13
944 ## - СЪЗДАВАНЕ И РЕДАКЦИЯ на ЗАПИСА
Създаване/Редакция Създаване
Дата на регистрацията/редакция 15.01.2003
Статус, дата на статуса Цветелина Шанова
Служител, извършил регистрацията/редакцията 30531
944 ## - СЪЗДАВАНЕ И РЕДАКЦИЯ на ЗАПИСА
Създаване/Редакция Редакция
Дата на регистрацията/редакция 17.01.2018
Статус, дата на статуса ф /
Служител, извършил регистрацията/редакцията Людмила_Стоянова
999 ## - СИСТЕМНИ КОНТРОЛНИ НОМЕРА
Koha biblionumber 6100
Koha biblioitemnumber 6100
Наличности
Код за отписване Код за изгубен артикул Източник на класификационната схема Код за повреда Коз за рестрикции Код за отдаване Артикулен № Име на библиотеката - собственик Име на библиотеката, в която се намира в момента Статус (Текущо местоположение) Дата на вписване в системата Местоположение - отдел Цена в лева Инвентарен номер Систематично азбучна сигнатура Баркод Номер на екземпляра Цена в евро Служебна бележка Служебен тип на артикула
Изтеглен Не е изгубен Universal Decimal Classification Не е повреден без рестрикции заемане за дома 10693 Регионална библиотека "Любен Каравелов" Русе Регионална библиотека "Любен Каравелов" Русе Заемна - подръчен фонд 2001-01-01 Заемна - подръчен фонд 1.17 610762 П 820(73)-31/К 81 610762 1 0.60 Дост: Pk Вид: Ф N: стар фонд Дата: 01.01.2001 Книги
  Не е изгубен Universal Decimal Classification Не е повреден без рестрикции ползва се в читалня 10694 Регионална библиотека "Любен Каравелов" Русе Регионална библиотека "Любен Каравелов" Русе Хранилище 2001-01-01 Хранилище 1.17 612504 Цб 182106 120000612504 2 0.60 Дост: Dp Вид: Д N: стар фонд Дата: 01.01.2001 Дата инв: 10.12.2014 Бележки инв: Цб2014 Книги
  Не е изгубен Universal Decimal Classification Не е повреден без рестрикции заемане за дома 10695 Регионална библиотека "Любен Каравелов" Русе Регионална библиотека "Любен Каравелов" Русе Заемна - подръчен фонд 2016-02-25 Заемна - подръчен фонд 3.00 120000798267 П 820(73)-31/К 81 120000798267 3 1.53 Дост: DA Вид: А N: 8 Дата: 25.02.2016 Дата инв: 15.02.2018 Бележки инв: П2018 Книги
Изтеглен Не е изгубен Universal Decimal Classification Не е повреден без рестрикции заемане за дома 10696 Регионална библиотека "Любен Каравелов" Русе Регионална библиотека "Любен Каравелов" Русе Заемна - подръчен фонд 2017-12-22 Заемна - подръчен фонд 12.00 120000818602 П 820(73)-31/К 81 120000818602 4 6.14 Дост: DA Вид: Г N: 45 Дата: 22.12.2017 Дата инв: 15.02.2018 Бележки инв: П2018 Книги
Vip Innovations Ltd, Rousse, Bulgaria 2025